| 000 | 01135nam a2200241Ii 4500 | ||
|---|---|---|---|
| 003 | JO-AjNU | ||
| 005 | 20250722101622.0 | ||
| 008 | 230605s9999||||xx |||||||||||||| ||und|| | ||
| 017 | _a2017/5/2104 | ||
| 040 |
_aJO-AjNU _bara _erda _cJO-AjNU |
||
| 041 | _aara | ||
| 050 | 1 | 4 | _aBP184.9.T73.Z3768.2019 |
| 100 | 3 |
_aتصنيف الزركشي، بدر الدين محمد بن بهادر بن عبدالله؛ دراسة وتحقيق احمد مصطفى القضاة, _eauthor _962167 |
|
| 245 | 0 | 0 |
_aالغرر والسوافر عما يحتاج اليه المسافر / _cتصنيف بدر الدين محمد بن بهارد بن عبدالله الزركشي ؛ دراسة وتحقيق احمد مصطفى القضاة |
| 250 | _aالطبعة الاولى | ||
| 264 | 3 | 1 | _aعمان : المؤلف، 2019 |
| 300 |
_a148ص _b ويحتوي على قائمة مراجع من ص142-ص148 |
||
| 336 |
_atext _btxt _2rdacontent |
||
| 337 |
_aunmediated _bn _2rdamedia |
||
| 338 |
_avolume _bnc _2rdacarrier |
||
| 650 | 4 |
_aالفقه الاسلامي- السفر- صلاة الاستخارة-ادآب السفر _962168 |
|
| 942 |
_2lcc _cBK |
||
| 999 |
_c31706 _d31706 |
||